00505cam a22001812 4500001001100000005001700011008004100028020001700069040001500086100003300101245008500134250001300219260003100232300001200263650004200275852000300317852000300320000001186920151217152102.0090118s xx 000 0 eng d a0199261413 : aKABUcKABU1 aWilson, Fiona M.@000016790110aOrganizational behaviour and work :ba critical introduction /cFiona M. Wilson. a2nd ed. aOxford :bO. U. P.,c2004. a316 p. 0aOrganizational behaviour.@00001508161 1